Essential environmental science
This book is to provide an introduction to living systems, ecological concepts, natural resources, pollution of different environments and treatment and management of evioronment.
Na minha lista:
| Autor principal: | |
|---|---|
| Formato: | Livro |
| Idioma: | Undetermined |
| Publicado em: |
Oxford
Alpha Science International
2006
|
| Assuntos: | |
| Tags: |
Adicionar Tag
Sem tags, seja o primeiro a adicionar uma tag!
|
| Thư viện lưu trữ: | Trung tâm Học liệu Trường Đại học Cần Thơ |
|---|
| LEADER | 00738nam a2200205Ia 4500 | ||
|---|---|---|---|
| 001 | CTU_132422 | ||
| 008 | 210402s9999 xx 000 0 und d | ||
| 020 | |c 995000 | ||
| 082 | |a 333.7 | ||
| 082 | |b V341 | ||
| 100 | |a Vasudevan, N. | ||
| 245 | 0 | |a Essential environmental science | |
| 245 | 0 | |c N. Vasudevan | |
| 260 | |a Oxford | ||
| 260 | |b Alpha Science International | ||
| 260 | |c 2006 | ||
| 520 | |a This book is to provide an introduction to living systems, ecological concepts, natural resources, pollution of different environments and treatment and management of evioronment. | ||
| 650 | |a Environmental sciences.,Khoa học môi trường | ||
| 904 | |i Tuyến | ||
| 980 | |a Trung tâm Học liệu Trường Đại học Cần Thơ | ||